In-line/On-line Fundamentals of the Internet and the World Wide Web (Record no. 4039)

MARC details
000 -LEADER
fixed length control field 00381nam a2200145Ia 4500
008 - FIXED-LENGTH DATA ELEMENTS--GENERAL INFORMATION
fixed length control field 191201s2009 xx 000 0 und d
082 ## - DEWEY DECIMAL CLASSIFICATION NUMBER
Classification number 004.678
Item number GRI
100 ## - MAIN ENTRY--PERSONAL NAME
Personal name GREENLAW, Raymond
245 #0 - TITLE STATEMENT
Title In-line/On-line Fundamentals of the Internet and the World Wide Web
250 ## - EDITION STATEMENT
Edition statement Rep.
260 ## - PUBLICATION, DISTRIBUTION, ETC. (IMPRINT)
Place of publication, distribution, etc N.Delhi
Name of publisher, distributor, etc TMH
Date of publication, distribution, etc 2009
300 ## - PHYSICAL DESCRIPTION
Extent 696
650 ## - SUBJECT ADDED ENTRY--TOPICAL TERM
Topical term or geographic name as entry element B.Tech(CSE)
942 ## - ADDED ENTRY ELEMENTS (KOHA)
Source of classification or shelving scheme Dewey Decimal Classification
Koha item type Text Books
Holdings
Withdrawn status Lost status Source of classification or shelving scheme Damaged status Not for loan Collection code Home library Current library Date acquired Source of acquisition Cost, normal purchase price Bill Number Total Checkouts Full call number Acc. no. / Barcode Date last seen Date last borrowed Bill Date Koha item type Public note
    Dewey Decimal Classification     B.Tech(CSE) PIET C-LIBRARY PIET C-LIBRARY 27/07/2009 J B C, New Delhi 365.00 SI-611 1 004.678 GRI 13024 22/04/2022 08/04/2022 20/07/2009 Text Books  
    Dewey Decimal Classification     B.Tech(CSE) PIET C-LIBRARY PIET C-LIBRARY 27/07/2009 J B C, New Delhi 365.00 SI-611 1 004.678 GRI 13025 23/03/2023 10/03/2023 20/07/2009 Text Books  
    Dewey Decimal Classification     B.Tech(CSE) PIET C-LIBRARY PIET C-LIBRARY 27/07/2009 J B C, New Delhi 365.00 SI-611   004.678 GRI 13026 04/12/2019   20/07/2009 Text Books  
    Dewey Decimal Classification     B.Tech(CSE) PIET C-LIBRARY PIET C-LIBRARY 27/07/2009 J B C, New Delhi 365.00 SI-611 1 004.678 GRI 13027 10/10/2020 16/03/2020 20/07/2009 Text Books  
    Dewey Decimal Classification     B.Tech(CSE) PIET C-LIBRARY PIET C-LIBRARY 27/07/2009 J B C, New Delhi 365.00 SI-611 1 004.678 GRI 13028 13/03/2025 21/01/2022 20/07/2009 Text Books .

Design & Developed by: PIET Central Library
R70 Miles Stone Pattikalyana Samalkha Panipat 132102
mail ID :- [email protected], Phone No:- 0180-2569700 Ex.216